000
00257nam a22001217a 4500
008
170724b xxu||||| |||| 00| 0 eng d
041
_a
eng
080
_a
004
100
_a
29
101
_a
SHKI
245
_a
COMPUTERGRAFIK
_c
FELLNER, W.D
942
_2
udc
_c
BK
999
_c
21790
_d
21790